Goya : pintor de retratos / pintor de retratos /
Descripción Física:
184 pàg. : il. ; 28 cm
Materias:
Goya, Francisco de, -- 1746-1828
; Fons Joan Junyer i Pascual (1909-1994)
; Pintura espanyola -- S. XVIII-XIX
Idioma:
Español
MARC
| LEADER | 00000nam a2200000 a 4500 | ||
|---|---|---|---|
| 001 | 24775 | ||
| 003 | AGDB | ||
| 005 | 20260324181536.0 | ||
| 008 | 050329s1926 sp a || 000 ||spa|c | ||
| 035 | |a (ES-BaCBU).b3294729x | ||
| 040 | |a ES-BaCBU |b cat |c ES-BaCBU | ||
| 100 | |a Beruete y Moret, Aureliano de, |d 1876-1922 |9 72531 | ||
| 245 | 1 | 0 | |a Goya : |b pintor de retratos / |c por A. de Beruete y Moret |
| 260 | |a Madrid : |b Blass y Cía. , |c 1916 | ||
| 300 | |a 184 pàg. : |b il. ; |c 28 cm | ||
| 500 | |a Prové del fons Joan Junyer i Pascual (1909-1994) | ||
| 504 | |a Índex | ||
| 600 | 0 | |a Goya, Francisco de, |d 1746-1828 |2 lemac |9 72532 | |
| 650 | |a Fons Joan Junyer i Pascual (1909-1994) |9 72777 | ||
| 650 | 0 | 0 | |a Pintura espanyola |2 Arxiu |y S. XVIII-XIX |9 37098 |
| 907 | |a .b3294729x |b 25-06-21 |c 09-05-08 |d 29-03-05 |e m |f a |g - |h spa |i sp |j 0 |k 2 | ||
| 908 | |a BAB | ||
| 940 | |a BAB | ||
| 942 | |2 udc |c ARXIU |n 1 | ||
| 952 | |0 0 |1 0 |4 0 |6 F50491 |7 1 |9 98493 |a Arxiu |b Arxiu |d 2025-10-17 |l 0 |o F-504-91 |p 24775 |r 2025-10-17 10:39:51 |w 2025-10-17 |y ARXIU | ||
| 999 | |c 130246 |d 130246 | ||